000 00457nam a2200133 a 4500
008 120416s1947 ||||||||||||||||| || u
050 _aHB 3583 Hub
100 _aHubback, Eva Marian
245 1 4 _aThe population of Britain
260 _aWest Dryton
_bPenguin
_c1947
300 _a286p
350 _a0.00
995 _D0.00
_FCBU-MAIN LIBRARY (Kitwe)
_H1
_I0.00
_UAVAILABLE
_ZAnnex Low-Usage Collection
999 _c54027
_d54027